000 00732nam a22002057a 4500
003 UA-OsUOA
001 43999
007 ta
008 20091215b un ||||| |||| 00| 0 ukr d
090 _a050
_bЦ44
942 _cMG
040 _aUA-OsUOA
_bukr
_cUA-OsUOA
_dUA-OsUOA
245 _aЦерковний вісник
_b2002: 16 червня Ч.12(779); 30 червня Ч.13(780); 2009: 5 липня Ч.7(903); 2 серпня Ч.8(904)
955 _a4
041 _aukr
080 _a050
246 3 1 _aДвотижневик
650 7 _a050 Серійні публікації. Періодика галузі, Організація та інші типи поєднання (співробітництва)
_2UDC
999 _c423843
_d423843